Mario Kart Items - Statistiken

Allgemein
  • Dieses Quiz wurde 984 mal gespielt
  • Das Durchschnittsergebnis liegt bei 13 aus 31
Antwortstatistiken
Spiel Antwort % Korrekt
Super Mario Kart Grüner Panzer
90%
Super Mario Kart Roter Panzer
90%
Super Mario Kart (Turbo)Pilz
90%
Super Mario Kart Bananen
89%
Mario Kart 64 Stachi-Panzer
84%
Super Mario Kart Stern
75%
Super Mario Kart Blitz
66%
Mario Kart 7 Münze
59%
Mario Kart DS Kugelwilli
56%
Mario Kart 8 Wunderacht
51%
Mario Kart Double Dash Feuerball
50%
Mario Kart 7 Feuerblume
50%
Mario Kart 64 Buu Huu
35%
Mario Kart 7 Glückssieben
35%
Super Mario Kart Feder
34%
Mario Kart 64 Goldener (Turbo)Pilz
33%
Mario Kart 8 Superhupe
33%
Mario Kart Wii Mega-Pilz
32%
Mario Kart Double Dash Bob-Omb
30%
Mario Kart DS Blooper
29%
Mario Kart 8 Bumerang
27%
Mario Kart Wii Wolkenblitz
24%
Mario Kart Double Dash Yoshi-Ei
23%
Mario Kart 7 Blatt
21%
Mario Kart Double Dash Kettenhund
21%
Mario Kart Wii POW-Block
19%
Mario Kart Double Dash Megabanane
14%
Mario Kart Double Dash Herz
13%
Mario Kart 64 Schwindel-Box
9%
Mario Kart Double Dash Bowsers Panzer
5%
Mario Kart 8 Topf-Piranha-Pflanze
1%
Keine übereinstimmenden Quizze gefunden
Verteilung der Resultate
Anzahl Personen mit jedem Resultat
Perzentil nach korrekt beantworteten Fragen
Ihre Resultats-Entwicklung
Sie haben dieses Quiz noch nicht gespielt